[Event "Vladivostok Cup"]
[Site "Vladivostok"]
[Date "2010.03.24"]
[Round "6"]
[White "Vavushkov, Vladimir"]
[Black "Znamenskiy, Valeriy"]
[Result "0-1"]
[WhiteElo "1576"]
[BlackElo "1757"]
[PlyCount "104"]
[EventDate "2010.03.19"]
[EventType "swiss"]
[EventRounds "9"]
[EventCountry "RUS"]
[SourceTitle "EXT 2022"]
[Source "ChessBase"]
[SourceDate "2021.10.06"]
[SourceVersion "1"]
[SourceVersionDate "2021.10.06"]
[SourceQuality "1"]

1. e4 c5 2. Bc4 Nc6 3. Nf3 g6 4. d4 cxd4 5. Nxd4 Bg7 6. Nxc6 bxc6 7. Qf3 e6 8. Nc3 Bb7 9. 0-0 Ne7 10. Bg5 0-0 11. Qe3 f6 12. Bh6 Rf7 13. Bxg7 Kxg7 14. e5 Qc7 15. exf6+ Rxf6 16. Ne4 Rf5 17. Qc3+ Kf7 18. Bd3 c5 19. Rfe1 Rc8 20. b4 Bxe4 21. Rxe4 Rh5 22. g3 Nd5 23. Qxc5 Qxc5 24. bxc5 Rxc5 25. c4 Nb4 26. Be2 Rhe5 27. Rxe5 Rxe5 28. Kf1 Ke7 29. a3 Nc2 30. Ra2 Nd4 31. Bd3 Nf3 32. h4 Kd6 33. Kg2 Ne1+ 34. Kh3 Nxd3 35. Rd2 Kc5 36. Rxd3 d6 37. f3 Re2 38. Kg4 h6 39. h5 g5 40. f4 gxf4 41. gxf4 Re4 42. Kg3 Rxc4 43. Rf3 Kc6 44. f5 exf5 45. Rxf5 Rc5 46. Kg4 Rxf5 47. Kxf5 d5 48. Kf4 Kc5 49. Ke3 Kc4 50. a4 Kc3 51. Ke2 d4 52. Kd1 a5 0-1

[Event "Vladivostok Cup"]
[Site "Vladivostok"]
[Date "2010.03.23"]
[Round "5"]
[White "Znamenskiy, Valeriy"]
[Black "Han, Tamara"]
[Result "0-1"]
[WhiteElo "1757"]
[BlackElo "1747"]
[PlyCount "78"]
[EventDate "2010.03.19"]
[EventType "swiss"]
[EventRounds "9"]
[EventCountry "RUS"]
[SourceTitle "EXT 2022"]
[Source "ChessBase"]
[SourceDate "2021.10.06"]
[SourceVersion "1"]
[SourceVersionDate "2021.10.06"]
[SourceQuality "1"]

1. d4 d5 2. c4 e6 3. Nc3 dxc4 4. Nf3 Nf6 5. e4 Bb4 6. Qc2 c5 7. a3 Bxc3+ 8. bxc3 cxd4 9. cxd4 Nc6 10. Bb2 Na5 11. g4 h6 12. g5 hxg5 13. Nxg5 Nb3 14. Rd1 Qa5+ 15. Bc3 Qxg5 16. Bxc4 Qg2 17. Rf1 Qxe4+ 18. Qxe4 Nxe4 19. Bb2 Na5 20. Ba2 f6 21. Rd3 Rxh2 22. Re3 Ng5 23. Bc3 b6 24. Bd5 Bb7 25. Bxb7 Nxb7 26. f4 Rh3 27. Rxh3 Nxh3 28. Rf3 Nxf4 29. Rxf4 Rc8 30. Kd2 Nd6 31. Kd3 Nb5 32. Bb2 Kf7 33. Rg4 Nd6 34. Bc3 Nc4 35. a4 Nd6 36. Rg1 Nf5 37. Bd2 Rd8 38. Be3 Nxe3 39. Kxe3 Rd5 0-1